| 000 | 00647nam a2200217 a 4500 | ||
|---|---|---|---|
| 001 | 18129 | ||
| 003 | CO-ViMGA | ||
| 008 | 141112s2004 ck r 000 u spa d | ||
| 020 | _a9701035526 | ||
| 040 |
_aCO-ViMGA _bspa _cCO-ViMGA |
||
| 082 | 0 | 4 | _a658.154 C163p |
| 100 | 1 |
_aCardenas y Napoles, Raul _925791 |
|
| 245 | 1 | 0 | _aPresupuestos teoría y práctica |
| 260 |
_aMexico, _cMcGraw Hill, _c2002 |
||
| 300 | _a158.p. + disquete | ||
| 590 | _aForma de adquisición : Premio - Mincultura | ||
| 650 | 1 | 4 |
_aCONTABILIDAD - ENSEÑANZA _925792 |
| 650 | 1 | 4 |
_aCOSTOS DE OPERACION _925793 |
| 650 | 1 | 4 |
_aPRESUPUESTO - FUNDAMENTOS _925794 |
| 942 |
_2ddc _cBK |
||
| 999 |
_c27502 _d27502 |
||